000 00932nam a2200337Ia 4500
003 OSt
005 20220912144111.0
006 a|||||r|||| 00| 0
007 ta
008 220909b |||||||| |||| 00| 0 eng d
020 _a9781108436793 (PBK)
024 _a200693
037 _b942, 15/01/2019, Total Books India
037 _cTextbook
040 _beng
041 _aeng
082 _aB38, Q8 TB
100 _aStewart Ian
245 0 _aComplex analysis
250 _a2
260 _aNew York
_bCambridge University Press
_c2018
300 _axiii,389p. ill.
_ccm
500 _aReferences 382p.; Index 383-389p.
650 _a Differentiation
650 _a Exponential function
650 _a Power series
650 _aMathematics
700 _a Tall David
942 _hB38, Q8 TB
_cTB
_2CC
999 _c3275
_d3275